US States, State Capitals, and Countries - Statistics

General Stats
  • This quiz has been taken 24 times
  • The average score is 234 of 296
Answers on the Map
Answers color-coded by a green-red scale on the quiz's map according to % correct below.
 
Answer Stats
Answer % Correct
Albania
100%
Afghanistan
86%
Alabama
86%
Alaska
86%
Albany
86%
Argentina
86%
Arkansas
86%
Armenia
86%
Atlanta
86%
Augusta
86%
Austin
86%
Australia
86%
Austria
86%
Bahamas
86%
Baton Rouge
86%
Belize
86%
Boise
86%
Bolivia
86%
Brazil
86%
California
86%
Cameroon
86%
Canada
86%
Cheyenne
86%
Chile
86%
China
86%
Colombia
86%
Colorado
86%
Columbia
86%
Columbus
86%
Connecticut
86%
Cuba
86%
Czech Republic
86%
Delaware
86%
Democratic Republic of the Congo
86%
Denmark
86%
Denver
86%
Dominica
86%
Dominican Republic
86%
Dover
86%
Egypt
86%
El Salvador
86%
Fiji
86%
Finland
86%
Florida
86%
France
86%
Frankfort
86%
Georgia
86%
Germany
86%
Ghana
86%
Greece
86%
Guatemala
86%
Guyana
86%
Haiti
86%
Harrisburg
86%
Hartford
86%
Hawaii
86%
Honduras
86%
Honolulu
86%
Hungary
86%
Iceland
86%
Idaho
86%
Illinois
86%
India
86%
Indiana
86%
Iowa
86%
Iran
86%
Iraq
86%
Ireland
86%
Italy
86%
Jamaica
86%
Japan
86%
Jefferson City
86%
Juneau
86%
Kansas
86%
Kazakhstan
86%
Kentucky
86%
Kenya
86%
Lansing
86%
Latvia
86%
Lithuania
86%
Louisiana
86%
Luxembourg
86%
Madagascar
86%
Madison
86%
Maine
86%
Maryland
86%
Mexico
86%
Michigan
86%
Mississippi
86%
Missouri
86%
Montenegro
86%
Montgomery
86%
Netherlands
86%
New Hampshire
86%
New Jersey
86%
New Mexico
86%
New York
86%
New Zealand
86%
Nicaragua
86%
Niger
86%
Nigeria
86%
North Carolina
86%
North Dakota
86%
North Korea
86%
Norway
86%
Ohio
86%
Oklahoma
86%
Oklahoma City
86%
Olympia
86%
Oregon
86%
Pakistan
86%
Panama
86%
Paraguay
86%
Pennsylvania
86%
Peru
86%
Philippines
86%
Phoenix
86%
Pierre
86%
Poland
86%
Portugal
86%
Republic of the Congo
86%
Rhode Island
86%
Russia
86%
Rwanda
86%
Sacramento
86%
Saint Kitts and Nevis
86%
Saint Vincent and the Grenadines
86%
Salt Lake City
86%
Santa Fe
86%
Serbia
86%
Slovakia
86%
Slovenia
86%
South Africa
86%
South Carolina
86%
South Dakota
86%
South Korea
86%
South Sudan
86%
Spain
86%
St. Paul
86%
Sudan
86%
Suriname
86%
Sweden
86%
Switzerland
86%
Tallahassee
86%
Tennessee
86%
Texas
86%
Thailand
86%
Trenton
86%
United Arab Emirates
86%
United Kingdom
86%
United States of America
86%
Uruguay
86%
Utah
86%
Venezuela
86%
Vermont
86%
Vietnam
86%
Virginia
86%
Washington
86%
West Virginia
86%
Wisconsin
86%
Wyoming
86%
Algeria
71%
Andorra
71%
Angola
71%
Annapolis
71%
Arizona
71%
Azerbaijan
71%
Bahrain
71%
Bangladesh
71%
Belarus
71%
Belgium
71%
Benin
71%
Bhutan
71%
Bismarck
71%
Bosnia and Herzegovina
71%
Boston
71%
Botswana
71%
Brunei
71%
Bulgaria
71%
Burkina Faso
71%
Burundi
71%
Cambodia
71%
Cape Verde
71%
Central African Republic
71%
Chad
71%
Charleston
71%
Concord
71%
Costa Rica
71%
Cote d'Ivoire
71%
Croatia
71%
Cyprus
71%
Des Moines
71%
Djibouti
71%
East Timor
71%
Ecuador
71%
Equatorial Guinea
71%
Eritrea
71%
Estonia
71%
Ethiopia
71%
Federated States of Micronesia
71%
Gabon
71%
Gambia
71%
Grenada
71%
Guinea
71%
Guinea-Bissau
71%
Helena
71%
Indianapolis
71%
Indonesia
71%
Israel
71%
Jackson
71%
Jordan
71%
Kiribati
71%
Kosovo
71%
Kuwait
71%
Kyrgyzstan
71%
Laos
71%
Lebanon
71%
Lesotho
71%
Liberia
71%
Libya
71%
Liechtenstein
71%
Little Rock
71%
Macedonia
71%
Malawi
71%
Malaysia
71%
Maldives
71%
Mali
71%
Malta
71%
Marshall Islands
71%
Massachusetts
71%
Mauritania
71%
Mauritius
71%
Minnesota
71%
Moldova
71%
Monaco
71%
Mongolia
71%
Montana
71%
Montpelier
71%
Morocco
71%
Mozambique
71%
Myanmar
71%
Namibia
71%
Nashville
71%
Nauru
71%
Nebraska
71%
Nepal
71%
Nevada
71%
Oman
71%
Palau
71%
Papua New Guinea
71%
Providence
71%
Qatar
71%
Raleigh
71%
Richmond
71%
Romania
71%
Saint Lucia
71%
Salem
71%
Samoa
71%
San Marino
71%
Sao Tome and Principe
71%
Saudi Arabia
71%
Senegal
71%
Seychelles
71%
Sierra Leone
71%
Solomon Islands
71%
Somalia
71%
Springfield
71%
Sri Lanka
71%
Swaziland
71%
Syria
71%
Taiwan
71%
Tajikistan
71%
Togo
71%
Tonga
71%
Topeka
71%
Tunisia
71%
Turkey
71%
Turkmenistan
71%
Tuvalu
71%
Uganda
71%
Ukraine
71%
Uzbekistan
71%
Vanuatu
71%
Vatican City
71%
Yemen
71%
Zambia
71%
Zimbabwe
71%
Antigua and Barbuda
57%
Barbados
57%
Carson City
57%
Comoros
57%
Lincoln
57%
Singapore
57%
Tanzania
57%
Trinidad and Tobago
57%
No matching quizzes found
Score Distribution
Percent of People with Each Score
Percentile by Number Answered
Your Score History
You have not taken this quiz